Swadesh list (207) - Statistics

General Stats
  • This quiz has been taken 32 times
  • The average score is 82 of 207
Answer Stats
Hint Answer % Correct
1 I
96%
3 he
93%
73 ear
89%
83 hand
89%
102 to hear
89%
12 what
89%
2 | 5 you
89%
81 leg
86%
72 head
82%
6 they
82%
93 to eat
82%
4 we
82%
14 when
82%
11 who
82%
74 eye
79%
38 man (human being)
79%
75 nose
79%
71 hair
75%
76 mouth
75%
147 sun
75%
101 to see
75%
121 to walk
75%
51 tree
75%
13 where
75%
47 dog
71%
37 man (adult male)
71%
22 one
71%
92 to drink
71%
176 black
68%
26 five
68%
25 four
68%
173 green
68%
15 how
68%
202 in
68%
172 red
68%
24 three
68%
23 two
68%
150 water
68%
175 white
68%
36 woman
68%
39 child
64%
159 earth
64%
80 foot
64%
8 that
64%
35 thin
64%
140 to say
64%
44 animal
61%
66 fat (noun)
61%
167 fire
61%
148 moon
61%
42 mother
61%
154 sea
61%
162 sky
61%
149 star
61%
7 this
61%
109 to die
61%
108 to live
61%
107 to sleep
61%
56 leaf
57%
151 rain
57%
152 river
57%
174 yellow
57%
27 big
54%
46 bird
54%
181 cold
54%
43 father
54%
45 fish
54%
63 meat
54%
33 short
54%
32 small
54%
10 there
54%
180 warm
54%
89 breast
50%
160 cloud
50%
60 grass
50%
153 lake
50%
110 to kill
50%
104 to think
50%
9 here
46%
28 long
46%
177 night
46%
144 to flow
46%
128 to give
46%
163 wind
46%
178 day
43%
90 heart
43%
164 snow
43%
113 to hit
43%
54 fruit
39%
87 neck
39%
156 stone
39%
125 to stand
39%
204 and
36%
201 at
36%
88 back
36%
58 bark
36%
59 flower
36%
41 husband
36%
82 knee
36%
48 louse
36%
112 to hunt
36%
77 tooth
36%
124 to sit
36%
105 to smell
36%
40 wife
36%
65 bone
32%
197 near
32%
16 not
32%
169 to burn
32%
120 to fly
32%
129 to hold
32%
103 to know
32%
29 wide
32%
186 bad
29%
85 belly
29%
196 correct
29%
198 far
29%
20 few
29%
79 fingernail
29%
185 good
29%
165 ice
29%
200 left
29%
171 mountain
29%
207 name
29%
34 narrow
29%
184 old
29%
199 right
29%
62 skin
29%
49 snake
29%
30 thick
29%
123 to lie (as in a bed)
29%
119 to swim
29%
137 to tie
29%
203 with
29%
50 worm
29%
17 all
25%
206 because
25%
64 blood
25%
52 forest
25%
18 many
25%
157 sand
25%
122 to come
25%
142 to play
25%
205 if
21%
57 root
21%
55 seed
21%
19 some
21%
53 stick
21%
99 to breathe
21%
111 to fight
21%
100 to laugh
21%
141 to sing
21%
194 wet
21%
179 year
21%
195 dry
18%
31 heavy
18%
91 liver
18%
183 new
18%
98 to blow
18%
114 to cut
18%
118 to dig
18%
127 to fall
18%
96 to spit
18%
136 to throw
18%
158 dust
14%
161 fog
14%
190 round
14%
191 sharp (as a knife)
14%
145 to freeze
14%
168 ash
11%
192 dull (as a knife)
11%
67 egg
11%
69 tail
11%
139 to count
11%
106 to fear
11%
134 to pull
11%
138 to sew
11%
115 to split
11%
97 to vomit
11%
188 dirty
7%
70 feather
7%
86 guts
7%
21 other
7%
170 road
7%
187 rotten
7%
166 smoke
7%
193 smooth
7%
135 to push
7%
117 to scratch
7%
146 to swell
7%
132 to wash
7%
182 full
4%
68 horn
4%
61 rope
4%
155 salt
4%
143 to float
4%
131 to rub
4%
116 to stab
4%
84 wing
4%
189 straight
0%
94 to bite
0%
78 tongue (organ)
0%
130 to squeeze
0%
95 to suck
0%
126 to turn (intransitive)
0%
133 to wipe
0%
No matching quizzes found
Score Distribution
Percent of People with Each Score
Percentile by Number Answered
Your Score History
You have not taken this quiz